000 01103nam a22003257ia4500
999 _c170860
_d170860
003 PPAK
005 20190108155927.0
008 190108t2018 my ao||j |||| 001 0 eng d
020 _a9781422238370
_cRM1006.00
_qset
_qhardback
020 _a9781422238448
_cRM100.60
_qhardback
040 _aPPAK
_beng
_cPPAK
_erda
082 0 4 _223
_a546.683
090 0 0 _a546.683
_bGAR
_dRK
100 1 _aGardner, Jane P.,
_eauthor.
245 1 0 _aSilicon 14 /
_cBy Jane P. Gardner
246 1 0 _aSi
_bSilicon
_n14
264 1 _aBroomall, PA :
_bMason Crest,
_c[2018]
264 4 _c ©2018
300 _a64 pages :
_bcolour photographs ;
_c24 cm
336 _2rdacontent
_atext
337 _2rdamedia
_aunmediated
338 _2rdacarrier
_avolume
490 1 _aTHE CHEMISTRY OF EVERYDAY ELEMENTS
500 _aIncludes index
504 _aBibliography pages : 62
505 _aDiscovery and history -- Chemical properties -- Helium and you -- Helium combines -- Helium in our world -- Find out more.
650 1 0 _aSilicon
_vJuvenile literature
830 0 _aThe chemistry of everyday elements
942 _2ddc
_cB